| 000 | 01822cab a2200241 4500 | ||
|---|---|---|---|
| 001 | ##L134817 | ||
| 008 | 060904n2006 000 0 eng u | ||
| 035 | _a(Sirsi) u134817 | ||
| 041 | 0 | _aeng | |
| 245 | 0 | 0 | _aChurch Commissioners for England v Gisele Meya |
| 260 | _c2006 | ||
| 520 | _a[2006] EWCA Civ 831, 21 June 2006. Concerns the determination of the periods for which rent was last payable under a fixed-term tenancy for the purposes of the Housing Act 1988 s5(3)(d). Appeal by C against the dismissal of their claim for possession of a flat let to M on an assured shorthold tenancy basis, the rent for which was payable quarterly in advance. At the end of final tenancy agreement, C gave M notice to quit and brought possession proceedings. The district judge held that M's tenancy was an annual tenancy for the purposes of s5(3)(d) of the Act and that the notice and proceedings were premature. Held: appeal allowed. The court had to ascertain what was the last rent payment that M had to make and to calculate the period covered by the last payment. In this case the amount of rent actually last payable under the terms of the tenancy was payable in advance in the last quarterly period and therefore the period of the tenancy was quarterly. M was ordered to give up possession. | ||
| 590 | _aIKA050906, KA | ||
| 650 | 2 | 4 | _aASSURED SHORTHOLD TENANCIES |
| 650 | 2 | 4 | _aHOUSING ACT 1988 S5(3)(D) |
| 650 | 2 | 4 | _aLAINE AND MITCHELL V CADWALLADER |
| 650 | 2 | 4 | _aADLER V BLACKMAN |
| 650 | 2 | 4 | _aCHURCH COMMISSIONERS FOR ENGLAND V MEYA |
| 651 | 4 |
_aEngland and Wales _y1543- |
|
| 690 | _aPROPERTY-RESIDENTIAL PROPERTY-RESIDENTIAL LANDLORD AND TENANT-RESIDENTIAL TENANCIES | ||
| 856 | 4 | 0 |
_uhttps://www.bailii.org/ew/cases/EWCA/Civ/2006/821.html _zView the judgment free of charge at www.bailii.org... |
| 942 | _n0 | ||
| 999 |
_c77662 _d77662 |
||